Warhammer 40,000 characters by picture - Statistics

General Stats
  • This quiz has been taken 316 times
  • The average score is 8 of 12
Answer Stats
Picture Answer % Correct
The Emperor of Mankind
95%
Roboute Guilliman
90%
Angron, the Red Angel
85%
Magnus the Red
83%
Fulgrim, The Phoenician
78%
Marneus Calgar
77%
Ezekiel Abaddon, the Despoiler
65%
St Celestine
64%
Belisarius Cawl
59%
Ahzek Ahriman
57%
Constantin Valdor
49%
Eldrad Ulthran
34%
No matching quizzes found
Score Distribution
Percent of People with Each Score
Percentile by Number Answered
Your Score History
You have not taken this quiz